000 00393nam a22001457a 4500
020 _a9781446200469
040 _cNUST
082 _a519.5
_bFIE
100 _aField, Andy
_968139
110 _aMiles, Jeremy , Field , Zoe
_9123101
245 _aDiscovering Statistics Using R
260 _aLos Angeles
_bSAGE
_c2012
650 _aDiscovering Statistics Using R
_9123102
942 _2ddc
_cBK
999 _c609408
_d609408